000 00579nam a2200229Ia 4500
003 OSt
005 20221005121150.0
006 a|||||r|||| 00| 0
007 ta
008 221004b |||||||| |||| 00| 0 eng d
024 _a63149
037 _cTextual
040 _aCRL
_cCRL
_beng
041 _2eng
_aeng
082 _aV23145:1:N7, K2-;1
100 _aTelkar Shridhar
_9630192
245 0 _aGoa
_b Yesterday and today
260 _c1962
650 _aHISTORY
942 _hV23145:1:N7, K2-;1
_cTEXL
_2cc
999 _c1040331
_d1040331